• 首页
  • 本馆介绍
  • 公告通知
  • 最新文献
  • 馆藏检索
  • 电子资源
  • 读者导购
  • 参考咨询
  • 我的图书馆
  • 登录
  • 详细信息显示
  • 放入我的书架
  • 预约/预借图书
  • 作者相关作品
  • 分类相关作品
  • 丛书相关作品
  • 出版社相关作品

书目信息

  • 表格格式
  • 工作单格式
  • 卡片格式
题名:
青少年学扬琴
    
 
作者: 丁言仪 编著
分册:  
出版信息: 上海   上海音乐出版社  2003
页数: 131页
开本: 26cm
丛书名: 青少年音乐系列丛书
单 册:
中图分类: J632.51-49
科图分类:
主题词: 扬琴--奏法--青少年读物 , 扬琴 , 奏法
电子资源:
ISBN: 7-80667-385-7
000 00960oam2 2200289 45
001 012006080901
005 20070103083818.01
010    @a7-80667-385-7@dCNY30.00(含光盘)
092    @aCN@b501524
100    @a20060809d2003 em y0chiy0120 ea
101 0  @achi
102    @aCN@b310000
105    @ag z 000yy
200 1  @a青少年学扬琴@Aqing shao nian xue yang qin@e[有声版]@E[ you sheng ban ]@f丁言仪编著@Fding yan yi bian zhu
210    @a上海@c上海音乐出版社@d2003
215    @a131页@d26cm@e光盘2片
225 2  @a青少年音乐系列丛书
307    @a附光盘:ISRC CN-R12-02-422-00
330    @a本书主要内容:扬琴简介、扬琴演奏方法、基本技巧练习曲五十首及其演奏提示、扬琴独奏曲二十首及其演奏提示等。
461  0 @12001 @a青少年音乐系列丛书
606 0  @a扬琴@x奏法@j青少年读物
606 0  @a扬琴
606 0  @a奏法
690    @aJ632.51-49@v4
701  0 @a丁言仪@Ading yan yi@4编著
801  0 @aCN@bLZJBOOK@c20070103
905    @a10447@dJ632.51-49@e50
    
    青少年学扬琴:[有声版]/丁言仪编著.-上海:上海音乐出版社,2003
    131页;26cm+光盘2片.-(青少年音乐系列丛书)
    
    
    ISBN 7-80667-385-7:CNY30.00(含光盘)
    本书主要内容:扬琴简介、扬琴演奏方法、基本技巧练习曲五十首及其演奏提示、扬琴独奏曲二十首及其演奏提示等。
●
相关链接 在E读中查询图书 在五车中查询图书 在当当中查询图书 在豆瓣中查询图书


正题名:青少年学扬琴     索取号:J632.51-49/50         预约/预借

序号 登录号 条形码 馆藏地/架位号 状态 备注
1 0553409   205534091   第一样本阅览室/ [索取号:J632.51-49/50] 在馆    
2 0553410   205534108   第一借阅区/ [索取号:J632.51-49/50] 在馆    
3 0553411   205534117   第一借阅区/ [索取号:J632.51-49/50] 在馆    
4 0553412   205534126   第一借阅区/ [索取号:J632.51-49/50] 在馆    
5 0553413   205534135   第一借阅区/ [索取号:J632.51-49/50] 在馆    
6 0553414   205534144   第一借阅区/ [索取号:J632.51-49/50] 在馆    
7 0553415   205534153   第一借阅区/ [索取号:J632.51-49/50] 在馆    
8 0553416   205534162   第一借阅区/ [索取号:J632.51-49/50] 已借出,限还日期为2015.10.12
借出人:高秀敏  
 
唐山师范学院图书馆 欢迎您!
大连网信软件有限公司© 版权所有